000 00726 a2200205 4500
020 _a0201514001 (paperback)
020 _a9780201514001 (paperback)
082 0 4 _a658.3125
090 _c5007
_d5007
100 1 _aLatham, Gary.
245 1 0 _aIncreasing productivity through performance appraisal /
_cGary Latham, Ken Wexley.
250 _a2nd ed.
260 _a[S.l.] :
_bPrentice Hall,
_c1993.
300 _a250 p. ;
_c21 cm.
490 1 _aPrentice hall series in human resources) (2nd edition.
700 1 _aWexley, Ken.
830 0 _aPrentice hall series in human resources) (2nd edition.
856 4 0 _3Amazon.com
_uhttp://www.amazon.com/exec/obidos/ASIN/0201514001/chopaconline-20
942 _aNBS
_cBK
_k658.3125 LAT
999 _c347433
_d347433